Farm Animal Surgery (Record no. 1442)
[ view plain ]
| 000 -LEADER | |
|---|---|
| fixed length control field | 00612nam a22002297a 4500 |
| 005 - DATE AND TIME OF LATEST TRANSACTION | |
| control field | 20241126134429.0 |
| 008 - FIXED-LENGTH DATA ELEMENTS--GENERAL INFORMATION | |
| fixed length control field | 241126b |||||||| |||| 00| 0 eng d |
| 020 ## - INTERNATIONAL STANDARD BOOK NUMBER | |
| International Standard Book Number | 9780323316651 |
| 040 ## - CATALOGING SOURCE | |
| Original cataloging agency | kmu |
| Transcribing agency | KMU |
| Modifying agency | KMU |
| Description conventions | rda |
| 050 ## - LIBRARY OF CONGRESS CALL NUMBER | |
| Classification number | SF 911 Fos |
| 245 ## - TITLE STATEMENT | |
| Title | Farm Animal Surgery |
| Remainder of title | / |
| Statement of responsibility, etc. | Susan L.Fubin and Norm G. Duchrme |
| 250 ## - EDITION STATEMENT | |
| Edition statement | Second Edition |
| 260 ## - PUBLICATION, DISTRIBUTION, ETC. | |
| Place of publication, distribution, etc. | Missouri: |
| Name of publisher, distributor, etc. | Eselvier, |
| Date of publication, distribution, etc. | 2017. |
| 300 ## - PHYSICAL DESCRIPTION | |
| Extent | 662 p.: |
| Other physical details | ill.; |
| Dimensions | 29cm |
| 500 ## - GENERAL NOTE | |
| General note | Include an index |
| 650 ## - SUBJECT ADDED ENTRY--TOPICAL TERM | |
| Topical term or geographic name entry element | Surgery |
| 650 ## - SUBJECT ADDED ENTRY--TOPICAL TERM | |
| Topical term or geographic name entry element | Animal |
| 650 ## - SUBJECT ADDED ENTRY--TOPICAL TERM | |
| Topical term or geographic name entry element | Farm Animal |
| 700 ## - ADDED ENTRY--PERSONAL NAME | |
| Personal name | Fubini L. Susan |
| 700 ## - ADDED ENTRY--PERSONAL NAME | |
| Personal name | Ducharme G.Norm |
| 942 ## - ADDED ENTRY ELEMENTS (KOHA) | |
| Source of classification or shelving scheme | Library of Congress Classification |
| Koha item type | Non-Fiction |
| Suppress in OPAC | No |
| Withdrawn status | Lost status | Source of classification or shelving scheme | Damaged status | Not for loan | Collection | Home library | Current library | Shelving location | Date acquired | Total Checkouts | Full call number | Barcode | Date last seen | Price effective from | Koha item type |
|---|---|---|---|---|---|---|---|---|---|---|---|---|---|---|---|
| Library of Congress Classification | Non-fiction | Kapasa Makasa University | Kapasa Makasa University | Open Access | 26.11.2024 | SF 911 Fos | 749225 | 26.11.2024 | 26.11.2024 | Non-Fiction | |||||
| Library of Congress Classification | Non-fiction | Kapasa Makasa University | Kapasa Makasa University | Open Access | 26.11.2024 | SF 911 Fos | 749226 | 26.11.2024 | 26.11.2024 | Non-Fiction |